|
|
|
|
| LEADER |
00878nam a2200205 a 4500 |
| 001 |
GR-MES8588 |
| 008 |
020919s gr 000 0 gre d |
| 040 |
|
|
|a GrPaTEI
|b gre
|c GR-PaULI
|
| 040 |
|
|
|a GrPaTEI
|b gre
|c GR-PaULI
|
| 245 |
0 |
3 |
|a Τα πάγια και αι επ'αυτών αποσβέσεις /
|c Δημητρίου Α. Παπαδημητρίου.
|
| 260 |
|
|
|a Αθήνα :
|b Παπαζήσης,
|c χ.χ.
|
| 300 |
|
|
|a 414 σελ.
|
| 650 |
|
4 |
|a Αποσβέσεις
|
| 650 |
|
4 |
|a Επιχειρήσεις
|
| 650 |
|
4 |
|a ΠΑΓΙΟ ΚΕΦΑΛΑΙΟ
|
| 700 |
1 |
|
|a Παπαδημητρίου, Δ.
|
| 942 |
|
|
|2 ddc
|
| 952 |
|
|
|0 1
|1 0
|2 ddc
|4 0
|6 332_041000000000000_ΠΑΠ
|7 0
|9 278920
|a MSLG
|b MSLG
|c BSC
|d 2021-01-17
|e 24
|f 0
|g 0.00
|l 0
|o 332.041 ΠΑΠ
|p 2420000001638
|r 2021-01-17 00:00:00
|t 1
|w 2021-01-17
|y BK15
|x 20020919 0 1
|x GrPaTEI
|
| 971 |
|
|
|a .b25870592
|b 16-04-20
|c 14-09-16
|
| 999 |
|
|
|c 162451
|d 162451
|